[Event "Cracovia Chess Festival A 2021"]
[Site "Cracow"]
[Date "2022.01.04"]
[Round "9.19"]
[White "Meurs, Tom"]
[Black "Kopylov, Michael"]
[Result "1/2-1/2"]
[WhiteElo "2208"]
[BlackElo "2391"]
[Annotator "ChessBase"]
[PlyCount "64"]
[EventDate "2021.12.27"]
[EventCountry "POL"]
[SourceTitle "playchess.com"]
[Source "ChessBase"]
[SourceQuality "1"]
[TimeControl "40/5400+30:1800+30"]

1. e4 {[%emt 0:00:10]} c5 {[%emt 0:00:46]} 2. Nf3 {[%emt 0:00:11]} e6 {[%emt 0:00:25]} 3. d4 {[%emt 0:00:10]} cxd4 {[%emt 0:00:09]} 4. Nxd4 {[%emt 0:00:05]} Qb6 {[%emt 0:01:38]} 5. Nb3 {[%emt 0:00:19]} Qc7 {[%emt 0:00:17]} 6. Nc3 {[%emt 0:00:42]} a6 {[%emt 0:00:22]} 7. Qf3 {[%emt 0:03:22]} Nf6 {[%emt 0:01:16]} 8. g4 {[%emt 0:05:22]} d6 {[%emt 0:05:48]} 9. g5 {[%emt 0:04:58]} Nfd7 {[%emt 0:00:57]} 10. Be3 {[%emt 0:00:34]} b5 {[%emt 0:01:00]} 11. a3 {[%emt 0:00:43]} Bb7 {[%emt 0:01:49]} 12. O-O-O {[%emt 0:00:28]} Nc6 {[%emt 0:01:48]} 13. Qh3 {[%emt 0:03:39]} b4 {[%emt 0:07:22]} 14. axb4 {[%emt 0:00:41]} Nxb4 {[%emt 0:00:12]} 15. g6 {[%emt 0:04:00]} hxg6 {[%emt 0:18:54]} 16. Qxh8 {[%emt 0:01:04]} Bxe4 {[%emt 0:00:05]} 17. Rg1 {[%emt 0:14:04]} Bxc2 {[%emt 0:20:38]} 18. Rd4 {[%emt 0:06:13]} Rb8 {[%emt 0:00:46]} 19. Rxb4 {[%emt 0:16:30]} Rxb4 {[%emt 0:00:10]} 20. Kxc2 {[%emt 0:00:10]} Qb8 {[%emt 0:01:19]} 21. Nd2 {[%emt 0:06:27]} Rxb2+ {[%emt 0:00:16]} 22. Kc1 {[%emt 0:00:05]} Qb4 {[%emt 0:01:52]} 23. Ncb1 {[%emt 0:07:56]} Ra2 {[%emt 0:10:23]} 24. Bc4 {[%emt 0:03:53]} Qb2+ {[%emt 0:00:31]} 25. Kd1 {[%emt 0:00:03]} Qc2+ {[%emt 0:00:07]} 26. Ke2 {[%emt 0:03:11]} Qxc4+ {[%emt 0:00:06]} 27. Kf3 {[%emt 0:01:15]} Ne5+ {[%emt 0:02:16]} 28. Kg2 {[%emt 0:00:05]} Qd5+ {[%emt 0:01:17]} 29. Kh3 {[%emt 0:00:17]} Nf3 {[%emt 0:03:18]} 30. Rc1 {[%emt 0:01:52]} Nxd2 {[%emt 0:06:54]} 31. Rc8+ {[%emt 0:10:14]} Kd7 {[%emt 0:00:18]} 32. Rd8+ {[%emt 0:00:16]} Kxd8 {[%emt 0:10:26]} 1/2-1/2

[Event "Cracovia Chess Festival A 2021"]
[Site "Cracow"]
[Date "2022.01.04"]
[Round "9.21"]
[White "Sharma Isha"]
[Black "Suder, Jakub"]
[Result "0-1"]
[WhiteElo "2200"]
[BlackElo "2349"]
[Annotator "ChessBase"]
[PlyCount "66"]
[EventDate "2021.12.27"]
[EventCountry "POL"]
[SourceTitle "playchess.com"]
[Source "ChessBase"]
[SourceQuality "1"]
[TimeControl "40/5400+30:1800+30"]

1. e4 {[%emt 0:04:59]} c5 {[%emt 0:00:06]} 2. Nf3 {[%emt 0:00:15]} Nc6 {[%emt 0:00:08]} 3. d4 {[%emt 0:00:08]} cxd4 {[%emt 0:00:05]} 4. Nxd4 {[%emt 0:00:02]} e5 {[%emt 0:00:12]} 5. Nb5 {[%emt 0:00:05]} d6 {[%emt 0:00:05]} 6. N1c3 {[%emt 0:00:41]} a6 {[%emt 0:00:07]} 7. Na3 {[%emt 0:00:04]} b5 {[%emt 0:00:06]} 8. Nd5 {[%emt 0:00:04]} Nge7 {[%emt 0:00:11]} 9. c4 {[%emt 0:00:07]} Nd4 {[%emt 0:00:33]} 10. Be3 {[%emt 0:11:09]} Nxd5 {[%emt 0:00:24]} 11. cxd5 {[%emt 0:03:30]} f5 {[%emt 0:02:52]} 12. Bxd4 {[%emt 0:03:19]} exd4 {[%emt 0:00:16]} 13. Bd3 {[%emt 0:00:20]} Be7 {[%emt 0:14:26]} 14. O-O {[%emt 0:02:44]} O-O {[%emt 0:01:46]} 15. Nc2 {[%emt 0:00:29]} f4 {[%emt 0:04:44]} 16. Nxd4 {[%emt 0:05:52]} Bf6 {[%emt 0:01:13]} 17. Nc6 {[%emt 0:00:05]} Qe8 {[%emt 0:01:47]} 18. Rb1 {[%emt 0:02:02]} Bd7 {[%emt 0:03:44]} 19. Nb4 {[%emt 0:01:03]} f3 {[%emt 0:05:38]} 20. g3 {[%emt 0:04:21]} Qh5 {[%emt 0:05:29]} 21. Re1 {[%emt 0:02:32]} Be5 {[%emt 0:01:29]} 22. Nc6 {[%emt 0:07:30]} Rae8 {[%emt 0:06:33]} 23. Re3 {[%emt 0:08:21]} Rf6 {[%emt 0:03:47]} 24. b4 {[%emt 0:03:06]} Bxg3 {[%emt 0:07:14]} 25. fxg3 {[%emt 0:09:31]} Bg4 {[%emt 0:03:03]} 26. Rxf3 {[%emt 0:01:17]} Bxf3 {[%emt 0:00:45]} 27. Qc2 {[%emt 0:01:31]} Qg4 {[%emt 0:03:21]} 28. Re1 {[%emt 0:01:51]} h5 {[%emt 0:01:17]} 29. e5 {[%emt 0:05:20]} dxe5 {[%emt 0:01:49]} 30. Qc5 {[%emt 0:01:57]} e4 {[%emt 0:13:31]} 31. d6 {[%emt 0:06:17]} Qd7 {[%emt 0:06:19]} 32. Ne7+ {[%emt 0:01:58]} Kf8 {[%emt 0:04:48]} 33. Nd5 {[%emt 0:00:36]} Rxd6 {[%emt 0:02:32]} 0-1

[Event "Cracovia Chess Festival A 2021"]
[Site "Cracow"]
[Date "2022.01.04"]
[Round "9.22"]
[White "Karsay, Pascal"]
[Black "Dzida, Kamil"]
[Result "1-0"]
[WhiteElo "2322"]
[BlackElo "2238"]
[Annotator "ChessBase"]
[PlyCount "125"]
[EventDate "2021.12.27"]
[EventCountry "POL"]
[SourceTitle "playchess.com"]
[Source "ChessBase"]
[SourceQuality "1"]
[TimeControl "40/5400+30:1800+30"]

1. d4 {[%emt 0:00:05]} Nf6 {[%emt 0:00:08]} 2. Nf3 {[%emt 0:00:15]} e6 {[%emt 0:00:18]} 3. e3 {[%emt 0:00:25]} b6 {[%emt 0:00:14]} 4. Bd3 {[%emt 0:00:12]} Bb7 {[%emt 0:00:39]} 5. O-O {[%emt 0:00:12]} d5 {[%emt 0:01:31]} 6. b3 {[%emt 0:00:54]} Nbd7 {[%emt 0:00:25]} 7. c4 {[%emt 0:00:19]} Bd6 {[%emt 0:01:45]} 8. cxd5 {[%emt 0:01:33]} exd5 {[%emt 0:00:06]} 9. Ba3 {[%emt 0:00:22]} Bxa3 {[%emt 0:01:08]} 10. Nxa3 {[%emt 0:00:03]} c6 {[%emt 0:00:49]} 11. b4 {[%emt 0:08:05]} Qe7 {[%emt 0:01:31]} 12. Qb3 {[%emt 0:02:40]} a5 {[%emt 0:07:38]} 13. bxa5 {[%emt 0:00:28]} Rxa5 {[%emt 0:00:13]} 14. Nb1 {[%emt 0:00:15]} O-O {[%emt 0:00:16]} 15. Nc3 {[%emt 0:05:51]} Ra3 {[%emt 0:08:22]} 16. Qb2 {[%emt 0:02:15]} Rfa8 {[%emt 0:03:06]} 17. Rfc1 {[%emt 0:02:25]} Ne8 {[%emt 0:07:01]} 18. Bf5 {[%emt 0:13:37]} Nd6 {[%emt 0:00:26]} 19. Bxd7 {[%emt 0:00:10]} Nc4 {[%emt 0:00:06]} 20. Qc2 {[%emt 0:00:38]} Qxd7 {[%emt 0:00:17]} 21. Nd2 {[%emt 0:05:30]} b5 {[%emt 0:06:38]} 22. Nxc4 {[%emt 0:08:53]} dxc4 {[%emt 0:00:15]} 23. Ne4 {[%emt 0:03:27]} Bc8 {[%emt 0:02:08]} 24. Nc5 {[%emt 0:02:44]} Qg4 {[%emt 0:04:36]} 25. Qb2 {[%emt 0:04:24]} Qg6 {[%emt 0:05:42]} 26. Kf1 {[%emt 0:20:17]} Be6 {[%emt 0:03:45]} 27. e4 {[%emt 0:06:39]} Qh5 {[%emt 0:04:26]} 28. Kg1 {[%emt 0:02:23]} c3 {[%emt 0:01:53]} 29. Rxc3 {[%emt 0:01:09]} Rxa2 {[%emt 0:01:01]} 30. Rcc1 {[%emt 0:00:01]} Bc4 {[%emt 0:01:29]} 31. Qc3 {[%emt 0:04:41]} Qe2 {[%emt 0:03:03]} 32. Rxa2 {[%emt 0:00:07]} Rxa2 {[%emt 0:00:11]} 33. Qg3 {[%emt 0:00:03]} Ra8 {[%emt 0:02:46]} 34. Nd7 {[%emt 0:04:57]} Qd2 {[%emt 0:02:11]} 35. Qe3 {[%emt 0:00:10]} Qxe3 {[%emt 0:10:26]} 36. fxe3 {[%emt 0:00:01]} Ra3 {[%emt 0:00:20]} 37. Kf2 {[%emt 0:00:46]} f5 {[%emt 0:02:43]} 38. Ne5 {[%emt 0:00:38]} fxe4 {[%emt 0:01:50]} 39. Nxc4 {[%emt 0:00:05]} bxc4 {[%emt 0:00:19]} 40. Rxc4 {[%emt 0:00:00]} Ra2+ {[%emt 0:00:00]} 41. Kg3 {[%emt 0:02:53]} Re2 {[%emt 0:01:16]} 42. Kf4 {[%emt 0:03:36]} Rxg2 {[%emt 0:00:05]} 43. Rxc6 {[%emt 0:01:16]} Rxh2 {[%emt 0:00:35]} 44. d5 {[%emt 0:06:42]} Rh5 {[%emt 0:05:48]} 45. Kxe4 {[%emt 0:00:19]} Kf7 {[%emt 0:00:06]} 46. Rd6 {[%emt 0:09:42]} Rh1 {[%emt 0:03:55]} 47. Ke5 {[%emt 0:00:25]} Rh5+ {[%emt 0:02:40]} 48. Ke4 {[%emt 0:00:07]} Rh1 {[%emt 0:00:08]} 49. Ke5 {[%emt 0:00:04]} Rh5+ {[%emt 0:00:08]} 50. Kf4 {[%emt 0:00:14]} Rh4+ {[%emt 0:00:29]} 51. Kf5 {[%emt 0:02:16]} Rh5+ {[%emt 0:02:34]} 52. Kg4 {[%emt 0:00:07]} Rh1 {[%emt 0:00:02]} 53. e4 {[%emt 0:00:56]} Rg1+ {[%emt 0:04:58]} 54. Kf5 {[%emt 0:00:29]} Rf1+ {[%emt 0:00:05]} 55. Ke5 {[%emt 0:00:12]} h5 {[%emt 0:00:02]} 56. Rd7+ {[%emt 0:00:20]} Kg6 {[%emt 0:02:29]} 57. Rd8 {[%emt 0:03:35]} Kh7 {[%emt 0:00:57]} 58. d6 {[%emt 0:02:24]} h4 {[%emt 0:05:49]} 59. Ra8 {[%emt 0:00:04]} Rd1 {[%emt 0:02:40]} 60. Ke6 {[%emt 0:03:44]} g5 {[%emt 0:01:02]} 61. Ra5 {[%emt 0:01:01]} Rd4 {[%emt 0:04:53]} 62. d7 {[%emt 0:01:16]} Rxe4+ {[%emt 0:00:05]} 63. Re5 1-0

[Event "Cracovia Chess Festival A 2021"]
[Site "Cracow"]
[Date "2022.01.04"]
[Round "9.23"]
[White "Luczak, Filip"]
[Black "Jaskolka, Tomasz"]
[Result "1-0"]
[WhiteElo "2273"]
[BlackElo "2193"]
[Annotator "ChessBase"]
[PlyCount "51"]
[EventDate "2021.12.27"]
[EventCountry "POL"]
[SourceTitle "playchess.com"]
[Source "ChessBase"]
[SourceQuality "1"]
[TimeControl "40/5400+30:1800+30"]

1. b3 {[%emt 0:10:38]} d5 {[%emt 0:05:13]} 2. Bb2 {[%emt 0:00:20]} Bf5 {[%emt 0:00:05]} 3. Nf3 {[%emt 0:00:29]} e6 {[%emt 0:00:05]} 4. e3 {[%emt 0:01:48]} Nd7 {[%emt 0:00:04]} 5. d4 {[%emt 0:03:51]} Ngf6 {[%emt 0:00:11]} 6. Bd3 {[%emt 0:01:32]} Bd6 {[%emt 0:01:07]} 7. Ne5 {[%emt 0:06:18]} c6 {[%emt 0:05:07]} 8. O-O {[%emt 0:10:38]} Qc7 {[%emt 0:05:07]} 9. f4 {[%emt 0:01:16]} h5 {[%emt 0:11:57]} 10. Nd2 {[%emt 0:06:41]} Ng4 {[%emt 0:13:57]} 11. Qe2 {[%emt 0:09:27]} Bxd3 {[%emt 0:04:10]} 12. cxd3 {[%emt 0:06:08]} Ndxe5 {[%emt 0:14:20]} 13. fxe5 {[%emt 0:02:54]} Bb4 {[%emt 0:00:05]} 14. a3 {[%emt 0:03:45]} Bxd2 {[%emt 0:04:06]} 15. Qxd2 {[%emt 0:00:03]} O-O-O {[%emt 0:04:54]} 16. a4 {[%emt 0:01:39]} Qe7 {[%emt 0:02:57]} 17. h3 {[%emt 0:06:20]} Nh6 {[%emt 0:01:11]} 18. Ba3 {[%emt 0:05:27]} Qg5 {[%emt 0:00:04]} 19. b4 {[%emt 0:05:39]} Nf5 {[%emt 0:00:32]} 20. Rf4 {[%emt 0:03:49]} f6 {[%emt 0:06:21]} 21. b5 {[%emt 0:00:57]} fxe5 {[%emt 0:00:04]} 22. dxe5 {[%emt 0:00:42]} d4 {[%emt 0:02:37]} 23. bxc6 {[%emt 0:02:13]} Nxe3 {[%emt 0:00:35]} 24. Rf7 {[%emt 0:02:38]} Qxe5 {[%emt 0:03:57]} 25. Qb4 {[%emt 0:00:51]} b6 {[%emt 0:02:35]} 26. Qe7 {[%emt 0:00:14]} 1-0

[Event "Cracovia Chess Festival A 2021"]
[Site "Cracow"]
[Date "2022.01.04"]
[Round "9.24"]
[White "Kyc, Jerzy"]
[Black "Stanisz, Patryk"]
[Result "1-0"]
[WhiteElo "2250"]
[BlackElo "2158"]
[Annotator "ChessBase"]
[PlyCount "63"]
[EventDate "2021.12.27"]
[EventCountry "POL"]
[SourceTitle "playchess.com"]
[Source "ChessBase"]
[SourceQuality "1"]
[TimeControl "40/5400+30:1800+30"]

1. e4 {[%emt 0:00:01]} c5 {[%emt 0:02:00]} 2. Nf3 {[%emt 0:00:54]} Nc6 {[%emt 0:00:09]} 3. d4 {[%emt 0:00:15]} cxd4 {[%emt 0:00:07]} 4. Nxd4 {[%emt 0:00:01]} Nf6 {[%emt 0:00:09]} 5. Nc3 {[%emt 0:00:06]} e5 {[%emt 0:00:11]} 6. Ndb5 {[%emt 0:00:06]} d6 {[%emt 0:00:11]} 7. Nd5 {[%emt 0:02:30]} Nxd5 {[%emt 0:00:08]} 8. exd5 {[%emt 0:00:02]} Nb8 {[%emt 0:03:53]} 9. c4 {[%emt 0:00:17]} a6 {[%emt 0:16:32]} 10. Nc3 {[%emt 0:00:16]} Be7 {[%emt 0:00:19]} 11. Be2 {[%emt 0:00:20]} O-O {[%emt 0:00:27]} 12. O-O {[%emt 0:01:22]} f5 {[%emt 0:02:10]} 13. f4 {[%emt 0:00:36]} exf4 {[%emt 0:01:14]} 14. Bxf4 {[%emt 0:01:33]} Nd7 {[%emt 0:10:29]} 15. Kh1 {[%emt 0:01:45]} g5 {[%emt 0:04:19]} 16. Be3 {[%emt 0:00:23]} g4 {[%emt 0:13:13]} 17. Qd2 {[%emt 0:02:27]} Nf6 {[%emt 0:04:41]} 18. Bd3 {[%emt 0:04:59]} Nh5 {[%emt 0:03:54]} 19. Bh6 {[%emt 0:11:13]} Rf7 {[%emt 0:02:44]} 20. Rae1 {[%emt 0:12:17]} Bd7 {[%emt 0:08:50]} 21. Re6 {[%emt 0:03:16]} f4 {[%emt 0:04:44]} 22. Qe2 {[%emt 0:04:08]} f3 {[%emt 0:04:56]} 23. gxf3 {[%emt 0:02:26]} Bxe6 {[%emt 0:00:29]} 24. dxe6 {[%emt 0:07:59]} Rf6 {[%emt 0:00:06]} 25. Bg5 {[%emt 0:08:55]} gxf3 {[%emt 0:11:37]} 26. Rxf3 {[%emt 0:05:21]} Qa5 {[%emt 0:05:24]} 27. Bxf6 {[%emt 0:01:06]} Nxf6 {[%emt 0:00:01]} 28. Nd5 {[%emt 0:02:00]} Nxd5 {[%emt 0:00:58]} 29. cxd5 {[%emt 0:00:37]} Rf8 {[%emt 0:00:33]} 30. Qe4 {[%emt 0:00:36]} Rxf3 {[%emt 0:00:30]} 31. Qxh7+ {[%emt 0:00:02]} Kf8 {[%emt 0:00:06]} 32. Qh8# {[%emt 0:00:01]} 1-0

[Event "Cracovia Chess Festival A 2021"]
[Site "Cracow"]
[Date "2022.01.04"]
[Round "9.25"]
[White "Maj, Pawel"]
[Black "Kopylov, Daniel"]
[Result "0-1"]
[WhiteElo "2145"]
[BlackElo "2317"]
[Annotator "ChessBase"]
[PlyCount "94"]
[EventDate "2021.12.27"]
[EventCountry "POL"]
[SourceTitle "playchess.com"]
[Source "ChessBase"]
[SourceQuality "1"]
[TimeControl "40/5400+30:1800+30"]

1. c4 {[%emt 0:00:02]} Nf6 {[%emt 0:00:29]} 2. g3 {[%emt 0:00:11]} c5 {[%emt 0:02:14]} 3. Bg2 {[%emt 0:00:11]} d5 {[%emt 0:07:57]} 4. cxd5 {[%emt 0:00:05]} Nxd5 {[%emt 0:00:08]} 5. Nc3 {[%emt 0:00:03]} Nxc3 {[%emt 0:00:38]} 6. bxc3 {[%emt 0:00:53]} Nc6 {[%emt 0:04:10]} 7. f4 {[%emt 0:02:58]} g6 {[%emt 0:02:18]} 8. Nf3 {[%emt 0:13:13]} Bg7 {[%emt 0:00:30]} 9. O-O {[%emt 0:00:08]} O-O {[%emt 0:00:24]} 10. Rb1 {[%emt 0:03:06]} Qc7 {[%emt 0:05:34]} 11. Qc2 {[%emt 0:00:43]} b6 {[%emt 0:01:50]} 12. d3 {[%emt 0:00:56]} Ba6 {[%emt 0:04:16]} 13. g4 {[%emt 0:15:13]} Rad8 {[%emt 0:02:05]} 14. f5 {[%emt 0:01:33]} Ne5 {[%emt 0:08:03]} 15. Bf4 {[%emt 0:02:34]} Nxf3+ {[%emt 0:14:17]} 16. Rxf3 {[%emt 0:00:07]} Be5 {[%emt 0:00:13]} 17. Rbf1 {[%emt 0:00:40]} Bb7 {[%emt 0:04:44]} 18. e4 {[%emt 0:02:01]} Bxf4 {[%emt 0:02:45]} 19. Rxf4 {[%emt 0:00:10]} g5 {[%emt 0:00:37]} 20. R4f3 {[%emt 0:01:23]} f6 {[%emt 0:01:35]} 21. R1f2 {[%emt 0:08:41]} Kg7 {[%emt 0:01:19]} 22. Bf1 {[%emt 0:01:00]} b5 {[%emt 0:01:06]} 23. h4 {[%emt 0:10:32]} h6 {[%emt 0:00:20]} 24. Rh3 {[%emt 0:00:23]} Rh8 {[%emt 0:02:08]} 25. Rfh2 {[%emt 0:00:30]} Bc6 {[%emt 0:05:08]} 26. hxg5 {[%emt 0:04:50]} hxg5 {[%emt 0:02:47]} 27. Qg2 {[%emt 0:01:06]} Qf4 {[%emt 0:02:41]} 28. Rh5 {[%emt 0:04:29]} Rxh5 {[%emt 0:02:34]} 29. Rxh5 {[%emt 0:00:11]} Rh8 {[%emt 0:00:40]} 30. Rxh8 {[%emt 0:01:25]} Kxh8 {[%emt 0:00:06]} 31. Qh2+ {[%emt 0:00:35]} Qxh2+ {[%emt 0:00:52]} 32. Kxh2 {[%emt 0:00:07]} b4 {[%emt 0:05:07]} 33. cxb4 {[%emt 0:05:34]} cxb4 {[%emt 0:00:04]} 34. Kg3 {[%emt 0:00:29]} a5 {[%emt 0:03:47]} 35. Kf3 {[%emt 0:01:00]} a4 {[%emt 0:04:13]} 36. d4 {[%emt 0:00:39]} a3 {[%emt 0:00:12]} 37. Bc4 {[%emt 0:05:07]} Ba4 {[%emt 0:02:24]} 38. Ke2 {[%emt 0:02:17]} Kg7 {[%emt 0:03:27]} 39. Kd2 {[%emt 0:00:39]} Kf8 {[%emt 0:00:44]} 40. Kc1 {[%emt 0:00:00]} Ke8 {[%emt 0:00:00]} 41. Bb3 {[%emt 0:02:56]} Bc6 {[%emt 0:01:43]} 42. d5 {[%emt 0:01:07]} Bb5 {[%emt 0:03:15]} 43. Kd2 {[%emt 0:00:04]} Kd7 {[%emt 0:00:11]} 44. Ke3 {[%emt 0:00:20]} Kd6 {[%emt 0:00:08]} 45. Kd4 {[%emt 0:00:15]} Be2 {[%emt 0:00:35]} 46. Bc2 {[%emt 0:00:07]} Bxg4 {[%emt 0:00:37]} 47. Kc4 {[%emt 0:00:09]} Be2+ {[%emt 0:00:15]} 0-1

[Event "Cracovia Chess Festival A 2021"]
[Site "Cracow"]
[Date "2022.01.04"]
[Round "9.26"]
[White "Malek, Daniel"]
[Black "Salna, Aleksandras"]
[Result "1/2-1/2"]
[WhiteElo "2376"]
[BlackElo "2227"]
[Annotator "ChessBase"]
[PlyCount "78"]
[EventDate "2021.12.27"]
[EventCountry "POL"]
[SourceTitle "playchess.com"]
[Source "ChessBase"]
[SourceQuality "1"]
[TimeControl "40/5400+30:1800+30"]

1. e4 {[%emt 0:00:03]} c5 {[%emt 0:06:01]} 2. Nf3 {[%emt 0:00:06]} Nc6 {[%emt 0:00:07]} 3. Bb5 {[%emt 0:00:05]} g6 {[%emt 0:00:11]} 4. O-O {[%emt 0:00:06]} Bg7 {[%emt 0:00:06]} 5. c3 {[%emt 0:00:05]} e5 {[%emt 0:00:22]} 6. d4 {[%emt 0:00:13]} cxd4 {[%emt 0:00:09]} 7. cxd4 {[%emt 0:00:05]} exd4 {[%emt 0:00:07]} 8. Bf4 {[%emt 0:00:17]} a6 {[%emt 0:00:06]} 9. Ba4 {[%emt 0:00:09]} Nge7 {[%emt 0:00:58]} 10. Bd6 {[%emt 0:00:27]} b5 {[%emt 0:00:23]} 11. Bb3 {[%emt 0:00:09]} Bb7 {[%emt 0:02:40]} 12. Ng5 {[%emt 0:00:27]} O-O {[%emt 0:01:56]} 13. Qf3 {[%emt 0:00:10]} Qe8 {[%emt 0:01:32]} 14. Qg3 {[%emt 0:00:18]} h6 {[%emt 0:05:37]} 15. Nf3 {[%emt 0:01:05]} Na5 {[%emt 0:00:50]} 16. Nbd2 {[%emt 0:01:38]} Nxb3 {[%emt 0:10:47]} 17. axb3 {[%emt 0:09:33]} Rc8 {[%emt 0:07:12]} 18. Rac1 {[%emt 0:03:10]} Rc6 {[%emt 0:00:38]} 19. b4 {[%emt 0:01:59]} Qd8 {[%emt 0:01:19]} 20. Rxc6 {[%emt 0:03:32]} Nxc6 {[%emt 0:07:01]} 21. Bxf8 {[%emt 0:03:59]} Qxf8 {[%emt 0:00:20]} 22. Qc7 {[%emt 0:09:56]} Qc8 {[%emt 0:00:35]} 23. Qf4 {[%emt 0:01:38]} Nxb4 {[%emt 0:03:40]} 24. e5 {[%emt 0:01:10]} Bxf3 {[%emt 0:01:34]} 25. Nxf3 {[%emt 0:00:20]} Nc6 {[%emt 0:00:10]} 26. h4 {[%emt 0:06:53]} Qf8 {[%emt 0:02:56]} 27. h5 {[%emt 0:09:00]} g5 {[%emt 0:02:11]} 28. Qe4 {[%emt 0:03:28]} Qc5 {[%emt 0:10:36]} 29. Re1 {[%emt 0:02:06]} a5 {[%emt 0:01:16]} 30. Rd1 {[%emt 0:19:54]} a4 {[%emt 0:15:26]} 31. Nxd4 {[%emt 0:13:09]} Nxd4 {[%emt 0:03:24]} 32. Qxd4 {[%emt 0:03:05]} Qxe5 {[%emt 0:00:08]} 33. Qxd7 {[%emt 0:00:23]} Qxb2 {[%emt 0:00:35]} 34. Qe8+ {[%emt 0:02:59]} Bf8 {[%emt 0:00:13]} 35. Rd8 {[%emt 0:00:27]} Qc1+ {[%emt 0:04:16]} 36. Kh2 {[%emt 0:00:07]} Qf4+ {[%emt 0:00:05]} 37. Kg1 {[%emt 0:00:05]} Qc1+ {[%emt 0:01:14]} 38. Kh2 {[%emt 0:00:06]} Qf4+ {[%emt 0:00:07]} 39. Kg1 {[%emt 0:00:06]} Qc1+ {[%emt 0:00:38]} 1/2-1/2

[Event "Cracovia Chess Festival A 2021"]
[Site "Cracow"]
[Date "2022.01.04"]
[Round "9.27"]
[White "Sinz, Bernhard"]
[Black "Krawczyk, Flawian"]
[Result "1/2-1/2"]
[WhiteElo "2330"]
[BlackElo "2114"]
[Annotator "ChessBase"]
[PlyCount "57"]
[EventDate "2021.12.27"]
[EventCountry "POL"]
[SourceTitle "playchess.com"]
[Source "ChessBase"]
[SourceQuality "1"]
[TimeControl "40/5400+30:1800+30"]

1. d4 {[%emt 0:02:39]} Nf6 {[%emt 0:00:07]} 2. Bg5 {[%emt 0:00:20]} d5 {[%emt 0:00:07]} 3. e3 {[%emt 0:00:25]} g6 {[%emt 0:01:17]} 4. Bxf6 {[%emt 0:03:46]} exf6 {[%emt 0:00:06]} 5. Nd2 {[%emt 0:05:32]} Bg7 {[%emt 0:00:15]} 6. g3 {[%emt 0:04:52]} O-O {[%emt 0:00:11]} 7. Bg2 {[%emt 0:00:15]} f5 {[%emt 0:00:11]} 8. Ne2 {[%emt 0:01:59]} c6 {[%emt 0:00:11]} 9. O-O {[%emt 0:00:40]} Nd7 {[%emt 0:00:47]} 10. b3 {[%emt 0:06:54]} Nf6 {[%emt 0:00:20]} 11. c4 {[%emt 0:02:30]} Ne4 {[%emt 0:01:39]} 12. Rc1 {[%emt 0:01:55]} g5 {[%emt 0:02:54]} 13. cxd5 {[%emt 0:07:32]} cxd5 {[%emt 0:01:02]} 14. Qc2 {[%emt 0:07:56]} Bd7 {[%emt 0:12:12]} 15. Nxe4 {[%emt 0:06:46]} dxe4 {[%emt 0:00:33]} 16. Qc7 {[%emt 0:05:00]} Bb5 {[%emt 0:01:02]} 17. Rfe1 {[%emt 0:01:43]} Qxc7 {[%emt 0:01:24]} 18. Rxc7 {[%emt 0:00:02]} Rac8 {[%emt 0:00:51]} 19. Rxc8 {[%emt 0:02:51]} Rxc8 {[%emt 0:00:16]} 20. Rc1 {[%emt 0:00:04]} Rxc1+ {[%emt 0:00:10]} 21. Nxc1 {[%emt 0:00:02]} Bf8 {[%emt 0:00:09]} 22. Bf1 {[%emt 0:05:15]} Ba3 {[%emt 0:00:13]} 23. Bxb5 {[%emt 0:00:46]} Bxc1 {[%emt 0:00:05]} 24. Kf1 {[%emt 0:00:40]} Kg7 {[%emt 0:00:05]} 25. Bd7 {[%emt 0:02:25]} Kf6 {[%emt 0:00:44]} 26. Ke2 {[%emt 0:02:27]} g4 {[%emt 0:02:47]} 27. b4 {[%emt 0:03:26]} Ba3 {[%emt 0:00:07]} 28. b5 {[%emt 0:00:07]} b6 {[%emt 0:00:12]} 29. Bc8 {[%emt 0:00:30]} 1/2-1/2

[Event "Cracovia Chess Festival A 2021"]
[Site "Cracow"]
[Date "2022.01.04"]
[Round "9.28"]
[White "Musial, Tomasz"]
[Black "Redzisz, Michal"]
[Result "0-1"]
[WhiteElo "2111"]
[BlackElo "2261"]
[Annotator "ChessBase"]
[PlyCount "58"]
[EventDate "2021.12.27"]
[EventCountry "POL"]
[SourceTitle "playchess.com"]
[Source "ChessBase"]
[SourceQuality "1"]
[TimeControl "40/5400+30:1800+30"]

1. d4 {[%emt 0:00:02]} Nf6 {[%emt 0:05:11]} 2. c4 {[%emt 0:00:05]} e6 {[%emt 0:00:15]} 3. g3 {[%emt 0:00:16]} d5 {[%emt 0:00:08]} 4. Bg2 {[%emt 0:00:06]} dxc4 {[%emt 0:03:46]} 5. Nf3 {[%emt 0:00:29]} Bd7 {[%emt 0:00:02]} 6. Ne5 {[%emt 0:02:45]} Bc6 {[%emt 0:00:38]} 7. Nxc6 {[%emt 0:01:18]} Nxc6 {[%emt 0:00:50]} 8. e3 {[%emt 0:00:05]} Qd7 {[%emt 0:00:05]} 9. O-O {[%emt 0:02:11]} Rd8 {[%emt 0:00:02]} 10. Qe2 {[%emt 0:09:46]} e5 {[%emt 0:00:03]} 11. Qxc4 {[%emt 0:09:28]} exd4 {[%emt 0:00:29]} 12. exd4 {[%emt 0:00:28]} Nxd4 {[%emt 0:00:02]} 13. Rd1 {[%emt 0:23:04]} Be7 {[%emt 0:20:49]} 14. Nc3 {[%emt 0:01:26]} b5 {[%emt 0:08:17]} 15. Qf1 {[%emt 0:00:30]} c5 {[%emt 0:08:45]} 16. Be3 {[%emt 0:01:13]} O-O {[%emt 0:01:04]} 17. b4 {[%emt 0:04:33]} Qf5 {[%emt 0:02:16]} 18. Nxb5 {[%emt 0:12:34]} Nc2 {[%emt 0:04:02]} 19. Rxd8 {[%emt 0:06:23]} Rxd8 {[%emt 0:01:15]} 20. Nxa7 {[%emt 0:04:05]} Bf8 {[%emt 0:19:00]} 21. Rc1 {[%emt 0:09:10]} Nxe3 {[%emt 0:03:04]} 22. fxe3 {[%emt 0:00:05]} Qe6 {[%emt 0:05:14]} 23. Qe2 {[%emt 0:03:57]} cxb4 {[%emt 0:00:21]} 24. Bf3 {[%emt 0:02:42]} Re8 {[%emt 0:01:03]} 25. Nb5 {[%emt 0:01:35]} Qxe3+ {[%emt 0:03:19]} 26. Qxe3 {[%emt 0:00:05]} Rxe3 {[%emt 0:00:01]} 27. Nd4 {[%emt 0:02:22]} Rd3 {[%emt 0:00:23]} 28. Nc6 {[%emt 0:02:52]} Rxf3 {[%emt 0:00:11]} 29. Rc4 {[%emt 0:00:02]} Rc3 {[%emt 0:00:28]} 0-1